[Event "NOR-ch Clubs 2017"]
[Site "Kristiansund"]
[Date "2017.10.20"]
[Round "1"]
[White "Romanov, Evgeny"]
[Black "Hoem, Audun"]
[Result "1-0"]
[WhiteElo "2626"]
[BlackElo "1786"]
[Annotator "TA"]
[PlyCount "83"]
[EventDate "2017.??.??"]
[EventType "team-tourn"]
[EventCountry "NOR"]
[SourceTitle "playchess.com"]
[Source "ChessBase"]
[SourceQuality "1"]

{[%evp 21,83,0,8,0,5,0,0,0,27,21,16,12,0,0,27,20,30,29,32,37,37,40,37,37,41,45,46,37,37,35,101,76,93,87,70,64,137,93,133,96,138,119,139,118,149,116,232,153,222,201,249,237,241,245,234,237,501,489,446,383,546,551,634,642]} 1. e4 c5 2. Ne2 Nc6 3. Nbc3 g6 4. d4 cxd4 5. Nxd4 Bg7 6. Nb3 Nf6 7. Be2 O-O 8. O-O a6 9. a4 d6 10. Bg5 Bd7 11. f4 Rc8 12. Kh1 {B70: Sicilian Dragon: 6 g3 and 6 Be2 (without a later Be3)} Re8 13. Bf3 Be6 14. Nd5 $146 {The position is equal.} ({Predecessor:} 14. Re1 Na5 15. Nxa5 Qxa5 16. Nd5 Nxd5 17. exd5 Bf5 18. c3 Qd8 19. Bh4 h5 20. Qb3 {½-½ (20) Gyorkos,L (2380)-Sinkovics,P (2336) Bagneux 2000}) 14... Bxd5 15. exd5 Na5 16. Nxa5 Qxa5 17. c3 Qc5 18. a5 Qb5 19. Qd2 Nd7 20. Be2 Qc5 21. Bh4 Qc7 22. Ra3 e6 23. dxe6 fxe6 24. c4 Nf6 25. Re3 Rcd8 (25... Kh8 $14) 26. b4 Rd7 27. Qa2 Kh8 28. Bf3 e5 (28... Rde7 $14) 29. fxe5 Rxe5 30. Bf2 Rde7 31. Rxe5 dxe5 32. Bb6 Qc8 33. Be2 Ne4 (33... Nh5 $16 {keeps fighting.}) 34. Qc2 Nd6 (34... Nf6 $16 35. Qd3 Rd7) 35. Bc5 Rd7 36. Bg4 Nf5 37. Bxf5 gxf5 38. Qxf5 ({Don't do} 38. Rxf5 $6 Qc6) 38... Rd8 $2 {[#]} (38... Qe8 39. h3 Rd2) 39. Qxc8 $18 Rxc8 40. Rf7 Kg8 (40... Rb8 $142 41. Bd6 Rd8) 41. Rxb7 Rd8 42. Kg1 {Precision: White = 69%, Black = 31%.} 1-0

[Event "NOR-ch Clubs 2017"]
[Site "Kristiansund"]
[Date "2017.10.20"]
[Round "1"]
[White "Romanov, Evgeny"]
[Black "Hoem, Audun"]
[Result "*"]
[WhiteElo "2626"]
[BlackElo "1786"]
[Annotator "TA"]
[PlyCount "38"]
[EventDate "2017.??.??"]
[EventType "team-tourn"]
[EventCountry "NOR"]
[SourceTitle "playchess.com"]
[Source "ChessBase"]
[SourceQuality "1"]

{[%evp 28,29,5,-8]} 1. e4 c6 2. d4 d5 3. Nc3 dxe4 4. Nxe4 Bf5 5. Ng3 Bg6 6. Nf3 Nd7 7. h4 h6 8. h5 Bh7 9. Bd3 Bxd3 10. Qxd3 e6 11. Be3 {B19: Classical Caro-Kann: 4...Bf5 main line} Qa5+ 12. Bd2 Bb4 13. c3 Be7 14. c4 Qc7 15. O-O {[#] LiveBook: 26 Games} {Predecessor:} Ngf6 $146 16. Qe2 O-O 17. Ne5 c5 18. Nxd7 Qxd7 19. dxc5 Bxc5 {½-½ (38) Joao,N (2575)-Dhanish,P (2608) ICCF email 2012} *

[Event "NOR-ch Clubs 2017"]
[Site "Kristiansund"]
[Date "2017.10.20"]
[Round "1"]
[White "Holm, Kristian Stuvik"]
[Black "Vaseng, Oyvind Hoem"]
[Result "1-0"]
[WhiteElo "2433"]
[BlackElo "1547"]
[Annotator "TA"]
[PlyCount "41"]
[EventDate "2017.??.??"]
[EventType "team-tourn"]
[EventCountry "NOR"]
[SourceTitle "playchess.com"]
[Source "ChessBase"]
[SourceQuality "1"]

{[%evp 13,41,7,14,-18,12,-20,5,0,14,8,42,20,52,51,438,415,424,417,496,462,1010,995,3143,3025,29989,29990,29996,29994,29995,29994]} 1. d4 d5 2. Bf4 Nf6 3. e3 e6 4. Nd2 c5 5. c3 Nc6 6. Ngf3 Be7 7. Bd3 O-O {LiveBook: 69 Partien} 8. Qe2 {D02: Damenbauernspiele} b6 9. Rd1 Bb7 $146 ({Vorgänger:} 9... Nd7 10. h3 Re8 11. O-O c4 12. Bc2 b5 13. e4 b4 14. Rfe1 Nf8 15. Nf1 Bd7 {1-0 (55) Berkes,F (2636)-Sanikidze,T (2537) Gjakova 2016}) 10. h4 {Die Stellung ist ausgeglichen.} c4 11. Bb1 b5 12. e4 dxe4 13. Nxe4 Na5 $2 {[%mdl 8192]} (13... Nd5 $14 14. Bg3 Qc8) 14. Nxf6+ $18 Bxf6 {[#]} 15. Bxh7+ $1 {[%mdl 512]} Kh8 {...Lxf3 ist eine echte Drohung.} (15... Kxh7 16. Ng5+) 16. Bb1 g6 (16... Kg8 $142 17. h5 Qd5) 17. h5 Qe8 18. hxg6+ Kg8 {[#]} 19. g7 $1 {Weiß setzt Matt.} Kxg7 (19... Bxg7 20. Bh7+) 20. Rh7+ Kg8 21. Ne5 {Precision: Weiß = 65%, Schwarz =  0%.} 1-0

[Event "NOR-ch Clubs 2017"]
[Site "Kristiansund"]
[Date "2017.10.20"]
[Round "1"]
[White "Mihajlov, Sebastian"]
[Black "Gaustad, Erlend"]
[Result "1-0"]
[WhiteElo "2393"]
[BlackElo "1926"]
[Annotator "TA"]
[PlyCount "59"]
[EventDate "2017.??.??"]
[EventType "team-tourn"]
[EventCountry "NOR"]
[SourceTitle "playchess.com"]
[Source "ChessBase"]
[SourceQuality "1"]

{[%evp 16,59,46,53,81,89,121,106,106,88,83,82,197,211,208,204,204,210,211,213,201,134,235,241,230,217,317,257,255,193,198,172,187,197,195,169,407,489,471,474,495,522,521,521,738,718]} 1. d4 {[%cal Bd2d4,Bd4d5][%mdl 32]} Nf6 2. c4 e6 3. Nc3 Bb4 4. f3 c5 5. d5 b5 6. e4 bxc4 7. Bxc4 O-O {E20: Nimzoindisch (Seltene Züge)} (7... Nxd5 8. Bxd5 exd5 9. Qxd5 Nc6 10. Nge2 Ba6 11. a3 Bxc3+ 12. Nxc3 Qb6 13. Kf2 c4+ 14. Kg3 O-O 15. Na4 Qa5 16. Nc5 Rfc8 17. Bd2 Qc7+ 18. Bf4 Qb6 {1-0 (30) Ganguly,S (2654)-Mahjoob,M (2510) Kolkata 2009}) 8. Bg5 h6 9. Bh4 {LiveBook: 3 Partien} d6 $146 {Weiß steht etwas besser.} ({Vorgänger:} 9... Ba6 10. Bxa6 Nxa6 11. Qd3 Qb6 12. Bxf6 gxf6 13. Qc4 Bxc3+ 14. Qxc3 exd5 15. exd5 {0-1 (23) Machlik,E (2256)-Haug,J (2292) Norway 2017}) 10. Nge2 Ba6 11. Bxa6 Nxa6 12. O-O Bxc3 13. Nxc3 Nc7 {[#]} (13... g5 $16 {war nötig.}) 14. f4 $1 $18 Qd7 15. Bxf6 $1 gxf6 16. Qh5 Kg7 17. Rf3 {Weiss will mit Tg3+ Matt setzen.} Rh8 18. Qh4 {zielt auf e5 ab.} Ne8 (18... exd5 $16 {kämpft weiter.} 19. Rg3+ (19. Nxd5 Nxd5 20. exd5 Qf5 $14) (19. exd5 Qf5 $14) 19... Kh7) 19. e5 f5 20. Rd1 Qd8 (20... Rb8 $142 21. b3 Rb4) 21. Qh5 Qe7 22. Kh1 Rb8 23. b3 Rb4 24. Re1 dxe5 25. fxe5 ({Jedoch nicht} 25. Rxe5 $6 Nf6 $16) 25... Qg5 $2 {[#]} (25... Rh4 26. Rg3+ Kh7) 26. Rg3 Rg4 {Weiß steht klar auf Gewinn.} 27. Rxg4 Qxg4 28. Qxg4+ fxg4 29. d6 f6 {und die Idee ...fxe5 ließe Schwarz weiter hoffen.} 30. Rd1 {Precision: Weiß = 71%, Schwarz = 51%.} 1-0

[Event "NOR-ch Clubs 2017"]
[Site "Kristiansund"]
[Date "2017.10.20"]
[Round "1"]
[White "Al-Tarbosh, Ward"]
[Black "Pedersen, Jarle"]
[Result "1-0"]
[WhiteElo "2270"]
[BlackElo "1741"]
[Annotator "TA"]
[PlyCount "81"]
[EventDate "2017.??.??"]
[EventType "team-tourn"]
[EventCountry "NOR"]
[SourceTitle "playchess.com"]
[Source "ChessBase"]
[SourceQuality "1"]

{[%evp 14,81,24,24,144,120,118,40,36,-50,-43,-55,14,0,0,-29,7,-8,13,6,15,-24,2,-43,2,-52,-47,-74,-2,-5,68,34,19,42,62,62,60,43,61,46,216,210,213,208,272,269,343,335,524,514,580,368,343,366,349,348,769,769,861,758,758,701,694,688,1022,1019,998,990,989,984]} 1. e4 c5 2. Nf3 g6 3. d4 cxd4 4. Qxd4 Nf6 5. e5 Nc6 6. Qa4 Nd5 7. Qe4 Nb6 {B27: Sizilianisch (Frühes Fianchetto)} 8. Nc3 {LiveBook: 42 Partien} a6 (8... Bg7 $11) (8... Bg7 9. Bf4 d5 10. exd6 Bf5 11. Qe2 O-O 12. O-O-O exd6 13. Rxd6 Qc8 14. Qb5 Re8 15. h4 {½-½ (30) Saric,I (2666)-Hou,Y (2673) Wijk aan Zee 2015}) 9. Bf4 Bg7 {Weiß steht besser.} 10. Be2 $146 ({Lieber} 10. O-O-O $16) ({Vorgänger:} 10. a4 Rb8 11. a5 Na8 12. Bc4 O-O 13. h4 d6 14. h5 Bf5 15. Qe2 {1-0 (35) Mullon,J (2436)-Lalot,H (1573) Saint Affrique 2014}) 10... O-O $14 11. h4 ({Günstiger ist} 11. O-O-O $14) 11... d5 $15 12. exd6 $1 exd6 (12... Re8 $15 13. O-O-O Bxc3) 13. Bg5 $1 $11 {[%cal Rg5d8]} Qc7 14. Qf4 Bf5 15. O-O Bxc2 16. Rac1 $36 {[%mdl 2048] Weiss hat gut koordiniertes Spiel.} Bf5 17. Rfd1 Rae8 {[#] Und weiter mit ...Lxc3 wäre nett.} 18. Qd2 Re6 (18... d5 $5 {[%cal Rd5d4]} 19. Bf4 Qd8 $15) 19. Bf4 (19. Bh6 $11) 19... Rfe8 $15 {...Lxc3 ist eine echte Drohung.} 20. Bf1 Rd8 (20... Qd8 $17) 21. Ng5 Rf6 (21... Ree8 $11) 22. Nce4 Bxe4 $1 23. Nxe4 Rxf4 24. Qxf4 {[%cal Rd1d6]} Bxb2 25. Rc2 Be5 26. Qg5 Qe7 $2 (26... d5 $14) 27. Qxe7 $18 Nxe7 28. Rc7 Nf5 29. Rxb7 Nd7 30. Bxa6 Ra8 (30... Nf6 $142) 31. Bc4 Ra4 32. Bd5 Ne7 33. Rxd7 Nxd5 34. Nxd6 ({Auf keinen Fall} 34. Rxd5 Rxe4 35. g3 Ra4) 34... Rxa2 $2 (34... Nf6) 35. Nxf7 {Weiß steht klar auf Gewinn.} Nc3 36. Nxe5 {[#] Droht stark Td8+.} Nxd1 37. Rxd1 Kg7 38. Rd7+ Kf6 39. Ng4+ Kf5 40. Ne3+ Ke4 41. Rxh7 {Precision: Weiß = 33%, Schwarz = 13%.} 1-0

[Event "NOR-ch Clubs 2017"]
[Site "Kristiansund"]
[Date "2017.10.20"]
[Round "1"]
[White "Tryggestad, Andreas Garberg"]
[Black "Hovden, Hans"]
[Result "1-0"]
[WhiteElo "2250"]
[BlackElo "1737"]
[Annotator "TA"]
[PlyCount "27"]
[EventDate "2017.??.??"]
[EventType "team-tourn"]
[EventCountry "NOR"]
[SourceTitle "playchess.com"]
[Source "ChessBase"]
[SourceQuality "1"]

{[%evp 11,27,8,53,39,41,23,54,40,60,58,154,77,535,-80,557,550,533,537]} 1. e4 e6 2. d4 d5 3. e5 c5 4. c3 Nc6 5. Nf3 f6 6. Bb5 Bd7 {LiveBook: 3 Partien} (6... Qb6 $5 {[%cal Rb6b5]} 7. Qe2 cxd4 $11) 7. Qe2 {C02: Französische Verteidigung (Vorstoßvariante)} (7. O-O Qc7 8. Bf4 Nge7 9. Bg3 Qb6 10. a4 cxd4 11. exf6 gxf6 12. Nxd4 Nxd4 13. cxd4 Bxb5 14. axb5 h5 {½-½ (83) Thipsay,P (2446)-Rathnakaran,K (2428) New Delhi 2009}) 7... cxd4 8. cxd4 Bb4+ 9. Nc3 {Weiß steht etwas besser.} Qb6 $146 ({Vorgänger:} 9... Nge7 10. O-O O-O 11. exf6 gxf6 12. Bh6 Rf7 13. Bd3 Bd6 14. Rad1 a6 {1-0 (37) Gebert,R (1869)-Goertz,F (1969) Mecklenburg VP 2006}) 10. O-O Bxc3 (10... a6 $1 $14 11. Bxc6 Qxc6) 11. Bxc6 ({Lieber} 11. bxc3 Nge7 12. Rb1) 11... Bxd4 $2 {[%mdl 8192] [#]} (11... Qxc6 $16 {ist eine bessere Chance.} 12. bxc3 Ne7) 12. exf6 $2 (12. Bxd7+ $18 Kxd7 13. Nxd4) 12... Nxf6 $2 {[%mdl 8192]} (12... bxc6 $17 {hält den Druck.} 13. Be3 Nxf6 14. Bxd4 c5 15. Bxf6 gxf6) 13. Qxe6+ $18 Kd8 14. Bxd7 {Precision: Weiß = 20%, Schwarz =  5%.} 1-0

[Event "NOR-ch Clubs 2017"]
[Site "Kristiansund"]
[Date "2017.10.20"]
[Round "1"]
[White "David, Edwin"]
[Black "Standal, Egil Arne"]
[Result "1-0"]
[WhiteElo "2211"]
[BlackElo "1824"]
[Annotator "TA"]
[PlyCount "37"]
[EventDate "2017.??.??"]
[EventType "team-tourn"]
[EventCountry "NOR"]
[SourceTitle "playchess.com"]
[Source "ChessBase"]
[SourceQuality "1"]

{[%evp 9,37,29,68,58,54,58,96,58,73,74,80,76,79,72,259,71,525,305,605,634,609,625,616,594,579,577,699,581,885,820]} 1. e4 c6 2. d4 d5 3. f3 g6 4. Nc3 Bg7 5. Be3 Be6 (5... Qb6 6. Qd2 Qxb2 7. Rb1 Qa3 8. exd5 Nf6 9. dxc6 bxc6 10. Bd3 O-O 11. Nge2 Nbd7 12. O-O Ba6 13. Rb3 Qa5 14. Ne4 Qxd2 15. Bxd2 Bxd3 16. cxd3 {½-½ (27) Najer,E (2706)-Rozum,I (2573) Sochi 2017}) 6. Nge2 {[%cal Bg1e2,Be2g3,Bg3f5][%mdl 32] B15: Caro-Kann: 3 Nc3: 3...g6 and 3...dxe4 4 Nxe4 Nf6 5 Nxf6+ exf6} dxe4 7. fxe4 Bc4 8. Qd2 {White is better.} (8. Ng3 {is interesting.} Be6 9. Qd2 Nd7 10. h3 Qa5 11. a3) 8... Qa5 $146 ({Predecessor:} 8... Nd7 9. b3 Bxe2 10. Nxe2 Ngf6 11. e5 Nd5 12. g3 Nxe3 13. Qxe3 {½-½ (25) Meulner,F (1875)-Lodes,H (2169) Nuremberg 2016}) 9. Ng3 Bxf1 10. Rxf1 Nf6 11. Bh6 O-O $2 {[#]} (11... Bxh6 $16 12. Qxh6 Nbd7) 12. Rf3 $2 (12. Nf5 $1 $18 {is the precise move to win.} gxf5 13. Rxf5) 12... Nh5 $2 {[%mdl 8192]} (12... Ne8 $16 {is a better chance.}) 13. Nf5 {Threatens to win with Bxg7.} e6 $2 (13... Nd7 14. O-O-O (14. Nxe7+ Kh8 $16) 14... Kh8) 14. Bxg7 $18 {White is clearly winning.} exf5 15. Bxf8 Kxf8 16. exf5 {[%cal Be4f5,Bf5g6][%mdl 32]} Nd7 17. O-O-O Re8 18. Rdf1 {[#] fxg6 is the strong threat.} Kg7 19. fxg6 {Precision: White = 46%, Black = 18%.} 1-0

[Event "NOR-ch Clubs 2017"]
[Site "Kristiansund"]
[Date "2017.10.20"]
[Round "1"]
[White "Tofte, Sondre Waage"]
[Black "Hausken, Andreas Skrede"]
[Result "1-0"]
[WhiteElo "2169"]
[BlackElo "1560"]
[Annotator "TA"]
[PlyCount "93"]
[EventDate "2017.??.??"]
[EventType "team-tourn"]
[EventCountry "NOR"]
[SourceTitle "playchess.com"]
[Source "ChessBase"]
[SourceQuality "1"]

{[%evp 13,93,11,24,20,16,0,69,40,35,-151,0,-16,35,2,3,0,0,0,37,35,77,72,60,64,72,-49,-65,-54,-35,-101,-71,-74,-47,-76,0,-5,0,0,0,-30,-16,-20,12,-19,6,2,33,8,47,39,64,70,68,62,91,29,199,202,202,195,715,788,800,735,796,781,805,775,913,797,722,691,776,782,1122,966,1341,1286,1824,1799,29983,29971]} 1. e4 e5 2. Nf3 Nf6 3. Nxe5 d6 4. Nf3 Nxe4 5. Nc3 Nxc3 6. dxc3 Be7 7. Be3 Be6 {LiveBook: 6 Games. C42: Petroff Defence: 3 Nxe5 and unusual White 3rd moves} (7... O-O 8. Qd2 Nd7 9. O-O-O c6 10. Bd3 Qa5 11. a3 Ne5 12. h4 Nxd3+ 13. Qxd3 Bf5 14. Qd4 Rfe8 15. g4 Bf6 {½-½ (41) Jobava,B (2687)-So,W (2810) Tbilisi 2017}) 8. Nd4 Bd7 9. Qf3 Qc8 $146 (9... Nc6 $11) ({Predecessor:} 9... Nc6 10. O-O-O Qc8 11. Bb5 Nxd4 12. Bxd7+ Qxd7 13. Bxd4 O-O 14. Qxb7 Rfb8 15. Qa6 {1-0 (32) Cunha,L (2249)-Seabra,R (1500) Brasilia 2013}) 10. Bd3 Nc6 11. Nf5 $2 (11. O-O $14 {stays ahead.}) 11... Bf6 $2 ({Black should try} 11... Ne5 $1 $17 {[%cal Re5f3]} 12. Nxg7+ Kf8) 12. Qe4+ Be6 ({Black should play} 12... Ne5 $11 13. Nd4 Kf8) 13. g4 d5 $132 {[%mdl 2048] Black has counterplay} 14. Qa4 Qd7 15. O-O-O g6 16. Nh6 a6 17. f4 $1 {[%cal Rf4f5] f5 is the strong threat.} Bxg4 18. Nxg4 Qxg4 19. Rhe1 (19. Bc5 $1 $16) 19... O-O $15 20. Qb3 Qd7 {[#]} 21. Be2 (21. Be4 $1 $15 {[%mdl 512]}) 21... Rfe8 22. Bf3 Na5 23. Qxd5 {[#]} Qxd5 (23... Qa4 $1 $17 24. Qc5 Qxa2) 24. Bxd5 $11 c6 25. Bf3 Nc4 26. Bd4 (26. Bc5 {keeps more tension.} Rxe1 27. Rxe1 Rd8 28. Re2 Kg7 29. a4) 26... Bxd4 27. cxd4 Nb6 28. Re5 Rxe5 29. fxe5 {[%mdl 4096] Endgame KRB-KRN} Rd8 (29... f6 $5) 30. b3 Nd5 31. c4 Ne3 32. Re1 Nf5 33. d5 cxd5 34. cxd5 (34. Bxd5 $16 b5 35. e6) 34... Ne7 $2 (34... f6 $11) 35. d6 $18 Nc6 36. Kb2 Re8 $2 (36... Kf8 37. Kc3 Rc8) 37. Bxc6 bxc6 {KR-KR} 38. Kc3 Kf8 39. Kd4 Rb8 40. Kc5 Ke8 41. Kxc6 Rc8+ 42. Kb7 Rc2 43. a4 Rxh2 44. Rc1 Rd2 45. b4 {[%cal Bb3b4,Bb4b5][%mdl 32]} Rd5 46. Kc7 h5 {[#]} 47. b5 $1 {[%mdl 512] Precision: White = 47%, Black = 21%.} 1-0

[Event "NOR-ch Clubs 2017"]
[Site "Kristiansund"]
[Date "2017.10.20"]
[Round "1"]
[White "Sjoberg, Isak"]
[Black "Tevasvoll, Svein"]
[Result "1-0"]
[WhiteElo "2067"]
[BlackElo "1515"]
[Annotator "NA RC"]
[PlyCount "75"]
[EventDate "2017.??.??"]
[EventType "team-tourn"]
[EventCountry "NOR"]
[SourceTitle "playchess.com"]
[Source "ChessBase"]
[SourceQuality "1"]
[TimeControl "40/5400:1800"]

{[%evp 9,75,-11,10,10,10,9,8,-14,6,0,0,-8,4,32767,32767,32767,32767,32767,32767,0,32767,32767,152,115,132,32767,147,145,420,405,563,555,545,32767,561,579,618,629,603,589,578,625,642,664,643,679,671,664,681,707,736,748,737,32767,32767,32767,32767,829,1812,32767,32767,32767,5369,29973,29971,29986,29986,29986]} 1. e4 {[%emt 0:00:03]} Nc6 {[%emt 0:01:01]} 2. Nf3 {[%emt 0:00:17]} d6 {[%emt 0:00:27]} 3. d4 {[%emt 0:01:44]} e5 {[%emt 0:03:46]} 4. Bb5 {[%emt 0:04:26]} Bd7 {[%emt 0:00:18]} 5. d5 {[%emt 0:00:42]} Nce7 {[%emt 0:00:22]} 6. Bd3 {[%emt 0:00:46] C62: Spanische Partie (Steinitz-Verteidigung)} (6. Bxd7+ Qxd7 7. O-O h6 8. c4 f5 9. Nc3 Nf6 10. exf5 Nxf5 11. Be3 Be7 12. Qd3 O-O 13. Nd2 Nh7 14. Nde4 Bg5 15. Bxg5 Nxg5 16. Nxg5 hxg5 {1-0 (39) Balogh,C (2664)-Stocek,J (2606) Plovdiv 2012}) 6... Ng6 {[%emt 0:01:18]} 7. Nc3 {[%emt 0:06:41]} a6 $146 {[%emt 0:00:35]} ({Vorgänger:} 7... h6 8. Ne2 Be7 9. Ng3 Nf6 10. Be3 Ng4 11. Bd2 Nf6 12. h3 O-O 13. Qc1 Kh7 {1-0 (35) Barbosa,F (1992)-Silva,I (1801) Matosinhos 2004}) 8. a4 {[%emt 0:03:57]} Be7 {[%emt 0:00:24]} 9. Ne2 {[%emt 0:02:00]} Bg4 {[%emt 0:04:43]} 10. Be3 {[%emt 0:15:12]} Nf6 {[%emt 0:06:31]} 11. h4 {[%emt 0:05:14]} h5 {[%emt 0:06:08]} 12. Ng5 {[%emt 0:01:46]} Nh7 {[%emt 0:10:04]} 13. f3 {[%emt 0:04:13]} Bd7 {[%emt 0:02:47]} 14. Nxh7 {[%emt 0:00:54]} Rxh7 {[%emt 0:00:20]} 15. g3 {[%emt 0:00:05]} c5 {[%emt 0:02:06]} 16. dxc6 {[%emt 0:02:02]} Bxc6 {[%emt 0:00:32]} 17. Nc3 {[%emt 0:01:15]} Qa5 {[%emt 0:05:31]} 18. Rb1 {[%emt 0:01:26]} d5 $2 {[%emt 0:03:35]} (18... Qb4 $16 19. Kf1 Kf8) 19. exd5 {[%emt 0:00:21]} Bxd5 {[%emt 0:00:51]} 20. Bxg6 $1 {[%emt 0:00:08]} fxg6 {[%emt 0:01:14]} 21. Qxd5 {[%emt 0:00:10]} Qxd5 {[%emt 0:01:06]} 22. Nxd5 {[%emt 0:00:05]} Kf7 {[%emt 0:03:41]} 23. Nxe7 {[%emt 0:00:11]} Kxe7 {[%emt 0:00:16]} 24. Ke2 {[%emt 0:00:04]} Rhh8 {[%emt 0:00:57]} 25. Rhd1 {[%emt 0:00:08]} Rac8 {[%emt 0:02:37]} 26. Rd2 {[%emt 0:00:13]} Rhe8 {[%emt 0:02:28]} 27. Rbd1 {[%emt 0:00:36]} Kf7 {[%emt 0:01:14]} 28. Rd7+ {[%emt 0:00:05]} Re7 {[%emt 0:00:44]} 29. c3 {[%emt 0:00:08]} Rc7 {[%emt 0:01:17]} 30. Rxc7 {[%emt 0:00:24]} Rxc7 {[%emt 0:00:11]} 31. Bb6 {[%emt 0:00:10]} Re7 {[%emt 0:01:08]} 32. Ke3 {[%emt 0:00:11]} Ke6 {[%emt 0:00:55]} 33. b4 {[%emt 0:00:27]} Rd7 {[%emt 0:01:26]} 34. Rxd7 {[%emt 0:00:16]} Kxd7 {[%emt 0:00:05]} 35. Ke4 {[%emt 0:00:04]} Ke6 $18 {[%emt 0:00:31]} 36. c4 {[%emt 0:00:09]} Kd6 {[%emt 0:02:47]} 37. b5 {[%emt 0:00:12]} axb5 {[%emt 0:00:31]} 38. cxb5 {[%emt 0:00:15] Kd5+} 1-0

[Event "NOR-ch Clubs 2017"]
[Site "Kristiansund"]
[Date "2017.10.20"]
[Round "1"]
[White "Wister, Tom R"]
[Black "Haug, Johannes"]
[Result "0-1"]
[WhiteElo "1864"]
[BlackElo "2379"]
[Annotator "RC"]
[PlyCount "78"]
[EventDate "2017.??.??"]
[EventType "team-tourn"]
[EventCountry "NOR"]
[SourceTitle "playchess.com"]
[Source "ChessBase"]
[SourceQuality "1"]
[TimeControl "40/5400:1800"]

1. d4 {[%emt 0:00:03]} Nf6 {[%emt 0:00:05]} 2. c4 {[%emt 0:00:08]} e6 {[%emt 0:00:04]} 3. Nc3 {[%emt 0:00:05]} Bb4 {[%emt 0:00:04]} 4. a3 {[%emt 0:00:19]} Bxc3+ {[%emt 0:00:11]} 5. bxc3 {[%emt 0:00:10]} O-O {[%emt 0:00:34]} 6. f3 {[%emt 0:00:31]} d6 {[%emt 0:00:38]} 7. e4 {[%emt 0:00:36]} Nc6 {[%emt 0:02:27]} 8. Bd3 {[%emt 0:00:32]} e5 {[%emt 0:01:12]} 9. Ne2 {[%emt 0:00:27]} b6 {[%emt 0:05:12]} 10. d5 {[%emt 0:02:27]} Na5 {[%emt 0:02:05]} 11. Ng3 {[%emt 0:01:00]} Nd7 {[%emt 0:03:47]} 12. Be3 {[%emt 0:02:28]} Ba6 {[%emt 0:02:52]} 13. Qe2 {[%emt 0:01:59]} Nb3 {[%emt 0:08:36]} 14. Rb1 {[%emt 0:01:49]} Ndc5 {[%emt 0:00:21]} 15. Bxc5 {[%emt 0:04:00]} Nxc5 {[%emt 0:00:10]} 16. Bc2 {[%emt 0:00:08]} g6 {[%emt 0:04:13]} 17. O-O {[%emt 0:02:25]} Qg5 {[%emt 0:00:28]} 18. Rb4 {[%emt 0:07:27]} Rae8 {[%emt 0:01:39]} 19. Qf2 {[%emt 0:01:17]} Bc8 {[%emt 0:00:49]} 20. Rbb1 {[%emt 0:15:25]} a5 {[%emt 0:03:30]} 21. Rfe1 {[%emt 0:02:36]} Ba6 {[%emt 0:03:43]} 22. Qe2 {[%emt 0:00:26]} Kh8 {[%emt 0:06:00]} 23. Nf1 {[%emt 0:01:17]} f5 {[%emt 0:00:35]} 24. exf5 {[%emt 0:00:17]} gxf5 {[%emt 0:00:06]} 25. Nd2 {[%emt 0:00:24]} Rf6 {[%emt 0:03:26]} 26. Rf1 {[%emt 0:01:15]} Qg7 {[%emt 0:03:55]} 27. Rf2 {[%emt 0:04:43]} f4 {[%emt 0:04:41]} 28. Ne4 {[%emt 0:00:58]} Nxe4 {[%emt 0:00:06]} 29. Bxe4 {[%emt 0:04:55]} Rh6 {[%emt 0:01:03]} 30. Bf5 {[%emt 0:03:20]} Bc8 {[%emt 0:03:01]} 31. Qe4 {[%emt 0:04:14]} Qg5 {[%emt 0:00:59]} 32. Bxc8 {[%emt 0:00:33]} Rxc8 {[%emt 0:00:05]} 33. Rbb2 {[%emt 0:04:11]} Rg8 {[%emt 0:01:09]} 34. Kh1 {[%emt 0:02:42]} Qg3 {[%emt 0:00:19]} 35. Kg1 {[%emt 0:01:34]} Rxh2 {[%emt 0:01:23]} 36. Kf1 {[%emt 0:03:21]} Rh1+ {[%emt 0:02:27]} 37. Ke2 {[%emt 0:00:04]} Qxg2 {[%emt 0:00:40]} 38. Qf5 {[%emt 0:06:44]} Qg6 {[%emt 0:01:01]} 39. Qd7 {[%emt 0:01:47]} e4 {[%emt 0:00:17]} 0-1